000 00654nam a22001937a 4500
005 20130923120042.0
010 _aENG-108088
020 _c250.00
_a978817329250X
035 _aEN-91621
037 _bDBAD/PUB
082 _a615.532
100 _aDuggal, Satya Pal
245 _aHomoeopathic ready reckoner :
_cby Satya Pal Duggal
_bHomoeo prescribing made simple and systematic /
260 _aDelhi
_bShilalekh Publications
_c2011
270 _a4/32, Subhash Gali, Vishwas Nagar,shahdara
_bDelhi
_e110032
300 _a158p.
_c22cm(pbk)
500 _aIncludes bibliographical references and index
942 _2ddc
_cEN
_mDUG
_h615.532
999 _c77707
_d77707